Information Systems : Achieving Success by Avoiding Failure (Record no. 6869)

MARC details
005 - DATE AND TIME OF LATEST TRANSACTION
control field 20260414120620.0
020 ## - INTERNATIONAL STANDARD BOOK NUMBER
International Standard Book Number 0-470-86255-6
082 ## - DEWEY DECIMAL CLASSIFICATION NUMBER
Classification number 658.403 FOF
100 ## - MAIN ENTRY--PERSONAL NAME
Author name FORTUNE, J
245 ## - TITLE STATEMENT
Title Information Systems : Achieving Success by Avoiding Failure
260 ## - PUBLICATION, DISTRIBUTION, ETC.
Place of publication, distribution, etc. Atrium,
Name of publisher, distributor, etc. John Wiley & Sons Ltd,
Date of publication, distribution, etc. 2005.
300 ## - PHYSICAL DESCRIPTION
Extent xii, 220p, ill ,figure, table
Other physical details reference & index
Dimensions 24cm
700 ## - ADDED ENTRY--PERSONAL NAME
Other authors/Editors PETERS, G
942 ## - ADDED ENTRY ELEMENTS (KOHA)
Source of classification or shelving scheme Dewey Decimal Classification
Koha item type Books
Holdings
Date last seen Total checkouts Full call number Barcode Cost, replacement price Price effective from Koha item type Lost status Source of classification or shelving scheme Damaged status Not for loan Withdrawn status Home library Current library Shelving location Date acquired Cost, normal purchase price
04/14/2026   658.403 FOR 00000013802 180000.00 04/14/2026 Books   Dewey Decimal Classification       College of Business Education Main Library College of Business Education Main Library General Collection 03/02/2026 60000.00